Official Languages by Country on a Empty Map - Statistics

General Stats
  • This quiz has been taken 407 times
  • The average score is 183 of 196
Answers on the Map
Answers color-coded by a green-red scale on the quiz's map according to % correct below.
 
Answer Stats
Country % Correct
Argentina
98%
Australia
98%
Bahamas
98%
Belgium
98%
Benin
98%
Bolivia
98%
Brunei
98%
Burkina Faso
98%
Burundi
98%
Cameroon
98%
Central African Republic
98%
Chad
98%
Chile
98%
Colombia
98%
Comoros
98%
Costa Rica
98%
Cuba
98%
Dem. Rep. of the Congo
98%
Djibouti
98%
Dominica
98%
Dominican Republic
98%
Ecuador
98%
El Salvador
98%
Equatorial Guinea
98%
Fed. States of Micronesia
98%
France
98%
Gabon
98%
Gambia
98%
Ghana
98%
Grenada
98%
Guatemala
98%
Guinea
98%
Guyana
98%
Haiti
98%
Honduras
98%
Ivory Coast
98%
Jamaica
98%
Kenya
98%
Luxembourg
98%
Madagascar
98%
Mali
98%
Marshall Islands
98%
Mauritius
98%
Mexico
98%
Monaco
98%
New Zealand
98%
Nicaragua
98%
Niger
98%
Panama
98%
Papua New Guinea
98%
Paraguay
98%
Peru
98%
Republic of the Congo
98%
Rwanda
98%
Samoa
98%
Senegal
98%
Seychelles
98%
Sierra Leone
98%
Singapore
98%
Solomon Islands
98%
South Sudan
98%
Spain
98%
St. Kitts and Nevis
98%
St. Lucia
98%
St. Vincent and Grenadines
98%
Switzerland
98%
Togo
98%
Trinidad and Tobago
98%
Uganda
98%
United Kingdom
98%
United States
98%
Uruguay
98%
Vanuatu
98%
Venezuela
98%
Zimbabwe
98%
Algeria
97%
Antigua and Barbuda
97%
Austria
97%
Bahrain
97%
Barbados
97%
Belarus
97%
Belize
97%
Botswana
97%
Canada
97%
Egypt
97%
Eritrea
97%
Eswatini
97%
Fiji
97%
Germany
97%
India
97%
Iraq
97%
Ireland
97%
Jordan
97%
Kazakhstan
97%
Kiribati
97%
Kuwait
97%
Kyrgyzstan
97%
Lebanon
97%
Lesotho
97%
Liberia
97%
Libya
97%
Liechtenstein
97%
Malawi
97%
Malta
97%
Mauritania
97%
Morocco
97%
Namibia
97%
Nauru
97%
Nigeria
97%
Oman
97%
Pakistan
97%
Palau
97%
Qatar
97%
Russia
97%
Saudi Arabia
97%
Somalia
97%
South Africa
97%
Sudan
97%
Syria
97%
Tanzania
97%
Tonga
97%
Tunisia
97%
Tuvalu
97%
United Arab Emirates
97%
Yemen
97%
Zambia
97%
Brazil
96%
China
96%
Cyprus
96%
Guinea Bissau
96%
Poland
96%
Portugal
96%
Angola
95%
Cape Verde
95%
East Timor
95%
Finland
95%
Italy
95%
Mozambique
95%
San Marino
95%
São Tomé and Príncipe
95%
Sweden
95%
Vatican City
95%
Czech Republic
94%
Greece
94%
Philippines
94%
Turkey
94%
Indonesia
93%
Kosovo
93%
Slovakia
93%
Afghanistan
92%
Hungary
92%
Japan
92%
Moldova
92%
Mongolia
92%
Norway
92%
Romania
92%
Serbia
92%
Ukraine
91%
Bulgaria
90%
North Macedonia
90%
Thailand
90%
Albania
89%
Croatia
89%
Denmark
89%
Slovenia
89%
Vietnam
89%
Malaysia
88%
Iran
87%
Nepal
87%
Netherlands
87%
Suriname
87%
Tajikistan
87%
Bosnia and Herzegovina
86%
North Korea
85%
South Korea
85%
Uzbekistan
85%
Armenia
84%
Laos
84%
Turkmenistan
84%
Georgia
83%
Latvia
83%
Estonia
82%
Lithuania
82%
Bangladesh
79%
Azerbaijan
78%
Myanmar
78%
Bhutan
76%
Iceland
73%
Ethiopia
72%
Cambodia
70%
Montenegro
66%
Israel
63%
Taiwan
63%
Andorra
54%
Sri Lanka
54%
Maldives
49%
No matching quizzes found
Score Distribution
Percent of People with Each Score
Percentile by Number Answered
Your Score History
You have not taken this quiz